Normal view
MARC view
Entry Topical Term
001 - CONTROL NUMBER
- control field: 27019
003 - CONTROL NUMBER IDENTIFIER
- control field: OSt
005 - DATE AND TIME OF LATEST TRANSACTION
- control field: 20230629102043.0
008 - FIXED-LENGTH DATA ELEMENTS
- fixed length control field: 230629|| aca||aabn | a|a d
040 ## - CATALOGING SOURCE
- Original cataloging agency: OSt
- Transcribing agency: OSt
150 ## - HEADING--TOPICAL TERM
- General subdivision: ဗုဒ္ဓဘာသာစာပေ။
670 ## - SOURCE DATA FOUND
- Source citation: Work cat.: (OSt): သာသနဝရ၊ ဘဒ္ဒန္တ။, ပိဋကတ်သုံးပုံအနှစ်ချုပ်ကျမ်းစာတော် (ပထမတွဲ) /, ၂၀၂၀။